01977nam a2200421 i 450000100060000000300080000600500170001400600190003100700150005000800410006501700260010602000280013203500220016004000310018205000230021308000150023608200150025110000520026624501520031826400470047030000410051733600310055833700330058933800430062249000350066550003780070058800830107865000310116165000380119265500270123070000410125770000450129870000430134370000300138670000400141683000360145685600630149233105FINmELB20241216220809.0m o d | cr cnu||||||||211123s2020 sp o 000 0 spa d aM 8594-2020bEspaña a9788429022957q(e-book) a(OCoLC)1289858891 aFINmELBbspaerdacFINmELB 4aKKT2720bS446 2020 a342.9(460)04a342.462231 aCalzadilla Medina, María Aránzazu,eautora.10aSector agroalimentario :bciberseguridad y desarrollo sostenible /cAránzazu Calzadilla Medina ; [y otros 7] ; Esther Muñiz Espada (directora). 1aMadrid, España :bEditorial REUS,c2020. a1 recurso en línea (283 páginas) atextobtxt2rdacontent/spa acomputadorabc2rdamedia/spa arecurso en líneabcr2rdacarrier/spa1 aColección Jurídica General aEsta Obra Colectiva se enmarca en el Proyecto de Investigación Ciberseguridad en la producción agroalimentaria. Qué protocolos jurídicos de actuación, VA049G18, de la convocatoria de subvenciones destinadas al apoyo de los grupos de investigación reconocidos de universidades públicas de Castilla y León, BOCYL 4 de junio de 2018. IP: Esther Muñiz Espada. aDescripción basada en metadatos suministrados por el editor y otras fuentes. 0aAdministrative lawzSpain. 4aDerecho administrativozEspaña. 4aLibros electrónicos.1 aCapote Pérez, Luis Javier,eautor.1 aCosialls Ubach, Andrés Miguel,eautor.1 aGamazo Chillón, Juan Carlos,eautor.1 aLapor, María,eportada.1 aMuñiz Espada, Esther,edirectora. 0aColección Jurídica General.40uhttps://elibro.net/ereader/politecnicointernacional/185103